00599nam a2200169 a 4500001001000000003000400010005001700014008004100031040002500072100003700097245009700134260004200231300002000273942001400293952010500307999001700412000033465OSt20260321073642.0110830s1991 rd 000 0 spa d aDO-SdBNPbspacBNPHU1 a Bosch, Juan, d1909-200197655510aInforme al cuarto Congreso Nacional del Partido de la Liberación Dominicana /cJuan Bosch. aSanto Domingo :bAlfa & Omega,c1991. a59 p. ;c21 cm. 2ddccLBS1 001050718MOaPDbPDcCTd2011-08-30iLF1l0o p33465-10r2020-06-25w2020-06-25y1ZNo se presta c32956d32956